000
00233nam a22000857a 4500
008
161129b xxu||||| |||| 00| 0 eng d
100
_9
1527
_a
Verma.etal.
245
_a
Concepts of Mathematics
260
_a
New Delhi
_b
Prachi Publications
_c
2009
999
_c
4255
_d
4255